• 首页
  • 本馆介绍
  • 公告通知
  • 最新文献
  • 馆藏检索
  • 电子资源
  • 读者导购
  • 参考咨询
  • 我的图书馆
  • 登录
  • 详细信息显示
  • 放入我的书架
  • 预约/预借图书
  • 作者相关作品
  • 分类相关作品
  • 丛书相关作品
  • 出版社相关作品

书目信息

  • 表格格式
  • 工作单格式
  • 卡片格式
题名:
中国海洋文化
    
 
作者: 吕滨 , 曲金良 主编
分册:   山东卷
出版信息: 北京   海洋出版社  2016
页数: 17, 355页, [2] 页图版
开本: 25cm
丛书名:
单 册:
中图分类: P7-092
科图分类:
主题词: 海洋--hai yang--文化史--中国 , 海洋--hai yang--文化史--山东
电子资源:
ISBN: 978-7-5027-9108-7
000 01112nam 2200313 450
001 012017000331
005 20180111090452.21
010    @a978-7-5027-9108-7@b@dCNY70.00
100    @a20160907d2016 em y0chiy0121 ea
101 0  @achi
102    @aCN@b110000
105    @aabf a 000yy
106    @ar
200 1  @a中国海洋文化@Azhong guo hai yang wen hua@g@i山东卷@f《中国海洋文化》编委会编
210    @a北京@c海洋出版社@d2016
215    @a17, 355页, [2] 页图版@c彩图, 地图@d25cm
300    @a国家出版基金项目
314    @a本书主编: 吕滨; 本卷主编: 曲金良
320    @a有书目 (第352-353页)
330    @a本书讲述了山东省各个方面的海洋文化特点。具体从民俗文化, 海防文化、渔盐文化、海神信仰、航海文化、港口文化、海洋文学等方面, 讲述了山东海洋文化的特色及从古至今的演变发展过程。
517 1  @a山东卷@Ashan dong juan
606 0  @a海洋@Ahai yang@x文化史@y中国
606 0  @a海洋@Ahai yang@x文化史@y山东
690    @aP7-092@v5
701  0 @a吕滨@Alv bin@4主编
701  0 @a曲金良@Aqu jin liang@4卷主编
801  0 @aCN@b湖北三新@c20161021@g
905    @aBZT@dP7-092@e2-12
906    @dCNY70.00@n5@r1
    
    中国海洋文化.山东卷/《中国海洋文化》编委会编.-北京:海洋出版社,2016
    17, 355页, [2] 页图版:彩图, 地图;25cm
    国家出版基金项目
    
    ISBN 978-7-5027-9108-7:CNY70.00
    本书讲述了山东省各个方面的海洋文化特点。具体从民俗文化, 海防文化、渔盐文化、海神信仰、航海文化、港口文化、海洋文学等方面, 讲述了山东海洋文化的特色及从古至今的演变发展过程。
●
相关链接 在五车中查询图书 在当当中查询图书 在豆瓣中查询图书


正题名:中国海洋文化     索取号:P7-092/2-12         预约/预借

序号 登录号 条形码 馆藏地/架位号 状态 备注
1 846856   2000846856   第二书库/ [索取号:P7-092/2-12] 在馆    
2 846857   2000846857   第二书库/ [索取号:P7-092/2-12] 在馆    
3 846858   2000846858   第二书库/ [索取号:P7-092/2-12] 在馆    
4 846859   2000846859   第二书库/ [索取号:P7-092/2-12] 在馆    
5 846860   2000846860   第二书库/ [索取号:P7-092/2-12] 在馆    
山东省滨州职业学院图书馆 欢迎您!
大连网信软件有限公司© 版权所有